[Event "Grenzturnering Basis 2015-16"]
[Site "Tonder"]
[Date "2016.04.04"]
[Round "7"]
[White "Jensen, Scot Wolfgang"]
[Black "Jensen, Jens Peter"]
[Result "1-0"]
[WhiteElo "1505"]
[BlackElo "1341"]
[PlyCount "121"]
[EventDate "2015.??.??"]

1. e4 e5 2. a3 d6 3. Nc3 c6 4. Bc4 Be7 5. d3 Nf6 6. h3 Nbd7 7. f4 Nb6 8. Ba2
exf4 9. Bxf4 Nbd7 10. Nf3 h6 11. Qe2 Nh5 12. Bh2 O-O 13. g4 Bh4+ 14. Nxh4 Qxh4+
15. Qf2 Qxf2+ 16. Kxf2 Nhf6 17. Rhf1 Ne8 18. Ke2 h5 19. gxh5 Ndf6 20. Bxd6 Nxd6
21. h6 Bxh3 22. Rf4 Rae8 23. Rh1 Bg4+ 24. Kd2 Re5 25. hxg7 Kxg7 26. Rhf1 Nde8
27. d4 Rh5 28. e5 Rh2+ 29. Kc1 Be6 30. exf6+ Nxf6 31. Rxf6 Bxa2 32. Nxa2 Rh6
33. Rxh6 Kxh6 34. Rg1 f5 35. Kd2 Rd8 36. c3 c5 37. Kd3 b6 38. Nc1 b5 39. b3 a5
40. a4 bxa4 41. bxa4 Rd6 42. Nb3 cxd4 43. Nxd4 Kh5 44. Kc4 f4 45. Kc5 Rd8 46.
c4 Rb8 47. Nc6 Rb2 48. Nxa5 f3 49. Nc6 f2 50. Rf1 Kg4 51. Ne5+ Kg3 52. Nd3 Ra2
53. Rxf2 Rxa4 54. Rf8 Ra3 55. Nb4 Kg4 56. Kc6 Rc3 57. c5 Kg5 58. Nd5 Rc1 59.
Kd6 Kg6 60. c6 Kg7 61. Rf2 1-0

[Event "Grenzturnering Basis 2015-16"]
[Site "Tonder"]
[Date "2016.04.04"]
[Round "7"]
[White "Maas, Ralf"]
[Black "Kristensen, Karl Martin"]
[Result "1/2-1/2"]
[WhiteElo "1268"]
[BlackElo "1439"]
[PlyCount "51"]
[EventDate "2015.??.??"]

1. e4 e5 2. Nf3 Nc6 3. Bc4 Bc5 4. c3 Nf6 5. d4 Bd6 6. dxe5 Nxe5 7. Nxe5 Bxe5 8.
Bg5 h6 9. Bxf6 Qxf6 10. Nd2 O-O 11. O-O c6 12. Qf3 Qe7 13. Qe3 Bc7 14. Rad1 d6
15. Nf3 b5 16. Bb3 Be6 17. Nd4 Qd7 18. Nxe6 fxe6 19. Kh1 Kh8 20. Qh3 Rae8 21.
a4 Qe7 22. axb5 cxb5 23. Ra1 Bb6 24. f3 a5 25. Qh5 Qg5 26. Qxg5 1/2-1/2

[Event "Grenzturnering Basis 2015-16"]
[Site "Tonder"]
[Date "2016.04.04"]
[Round "7"]
[White "Sorensen, Helge"]
[Black "Eis, Harald"]
[Result "1-0"]
[WhiteElo "1577"]
[BlackElo "1476"]
[PlyCount "61"]
[EventDate "2015.??.??"]

1. e4 b6 2. d4 Bb7 3. Nc3 Nf6 4. Bd3 e6 5. Nf3 Bb4 6. Qe2 c5 7. d5 exd5 8.
exd5+ Qe7 9. d6 Qxe2+ 10. Kxe2 Bxc3 11. bxc3 Ne4 12. Bxe4 Bxe4 13. Re1 O-O 14.
Kd2 Bxf3 15. gxf3 Nc6 16. Bb2 Rfe8 17. Rad1 Ne5 18. Kc1 Nxf3 19. Re7 Rad8 20.
Rd3 Ng5 21. f4 Ne4 22. Re5 Re6 23. c4 Kf8 24. Rxe6 dxe6 25. d7 f5 26. Be5 Ke7
27. Bxg7 Rxd7 28. Rh3 Kf7 29. Be5 Kg6 30. Ra3 Nd6 31. Rd3 1-0

[Event "Grenzturnering Basis 2015-16"]
[Site "Tonder"]
[Date "2016.04.04"]
[Round "7"]
[White "Svendsen, Gunnar Lind Hasse"]
[Black "Heremic, Adis"]
[Result "1/2-1/2"]
[WhiteElo "1534"]
[BlackElo "1257"]
[PlyCount "85"]
[EventDate "2015.??.??"]

1. c4 e6 2. g3 f5 3. Bg2 Nf6 4. Nc3 g6 5. d4 Bg7 6. e3 d6 7. Nge2 O-O 8. O-O
Nbd7 9. Nf4 e5 10. dxe5 Nxe5 11. b3 Ne4 12. Bb2 Nxc3 13. Bxc3 Nf3+ 14. Bxf3
Bxc3 15. Rc1 Bg7 16. Qd5+ Kh8 17. Rfd1 Re8 18. c5 Re5 19. Qc4 Qf6 20. cxd6 cxd6
21. Qc7 Qe7 22. Qxd6 Qxd6 23. Rxd6 Re8 24. Rcd1 Be5 25. Rd8 Rxd8 26. Rxd8+ Kg7
27. Bd5 Rb8 28. Re8 Bd6 29. Rg8+ Kf6 30. h4 b6 31. Rh8 Kg7 32. Re8 Bd7 33. Rxb8
Bxb8 34. Kg2 Kf6 35. Nd3 Bb5 36. Bc4 Bc6+ 37. Kf1 Bd6 38. Ke2 Be4 39. Kd2 h6
40. f4 g5 41. hxg5+ hxg5 42. a4 a5 43. Nf2 1/2-1/2

[Event "Grenzturnering Basis 2015-16"]
[Site "Oster Hojst"]
[Date "2016.05.03"]
[Round "8"]
[White "Jensen, Jens Peter"]
[Black "Sorensen, Helge"]
[Result "0-1"]
[WhiteElo "1341"]
[BlackElo "1577"]
[PlyCount "66"]
[EventDate "2015.??.??"]

1. e4 c5 2. Bc4 e6 3. Nc3 a6 4. a4 Nc6 5. Nf3 Nf6 6. h3 d6 7. d3 Be7 8. Bd2 O-O
9. Qe2 Nb4 10. O-O-O Bd7 11. b3 b5 12. Kb2 bxc4 13. dxc4 Rb8 14. e5 dxe5 15.
Nxe5 Qb6 16. Bf4 Rb7 17. g4 Bc6 18. Rhg1 Nd7 19. g5 Nxe5 20. Bxe5 Rd8 21. h4
Rbd7 22. Rxd7 Rxd7 23. f4 Qd8 24. Rd1 Rxd1 25. Nxd1 Bb7 26. Bc3 Nc6 27. Ne3 Nd4
28. Qd2 Be4 29. h5 Qd6 30. Qf2 Bd8 31. h6 Bc7 32. Bxd4 cxd4 33. hxg7 dxe3 0-1

[Event "Grenzturnering Basis 2015-16"]
[Site "Oster Hojst"]
[Date "2016.05.03"]
[Round "8"]
[White "Jensen, Scot Wolfgang"]
[Black "Svendsen, Gunnar Lind Hasse"]
[Result "1/2-1/2"]
[WhiteElo "1505"]
[BlackElo "1534"]
[PlyCount "52"]
[EventDate "2015.??.??"]

1. e4 c6 2. a3 d5 3. e5 Bf5 4. d4 e6 5. h3 h6 6. Bd3 Bxd3 7. Qxd3 Nd7 8. Nd2
Ne7 9. c4 Nf5 10. c5 Be7 11. Ngf3 b5 12. g4 Nh4 13. Nxh4 Bxh4 14. Nf3 a5 15. b3
a4 16. b4 Qe7 17. Bf4 O-O-O 18. Qe3 Nf8 19. Ke2 Ng6 20. Bg3 Rde8 21. Rag1 Rhf8
22. Nxh4 Nxh4 23. f4 f5 24. Bxh4 Qxh4 25. g5 Rg8 26. Qf3 g6 1/2-1/2

[Event "Grenzturnering Basis 2015-16"]
[Site "Oster Hojst"]
[Date "2016.05.03"]
[Round "8"]
[White "Kristensen, Karl Martin"]
[Black "Eis, Harald"]
[Result "0-1"]
[WhiteElo "1439"]
[BlackElo "1476"]
[PlyCount "66"]
[EventDate "2015.??.??"]

1. c4 g6 2. Nc3 Bg7 3. d4 b6 4. e4 Nc6 5. Be3 Bb7 6. f4 e6 7. Nf3 Nce7 8. Bd3
Nf6 9. Qd2 d5 10. cxd5 exd5 11. e5 Ng4 12. O-O Qd7 13. h3 Nxe3 14. Qxe3 Nf5 15.
Bxf5 Qxf5 16. g4 Qd7 17. Rae1 O-O-O 18. e6 fxe6 19. Qxe6 Rhe8 20. Qxd7+ Kxd7
21. Rxe8 Rxe8 22. Ne5+ Bxe5 23. fxe5 c5 24. Nb5 Ba6 25. Rf7+ Re7 26. e6+ Kxe6
27. Rxe7+ Kxe7 28. Nc3 Kd6 29. dxc5+ Kxc5 30. Kf2 Kd4 31. Kf3 Ke5 32. a4 d4 33.
Ne4 Bb7 0-1

[Event "Grenzturnering Basis 2015-16"]
[Site "Tonder"]
[Date "2016.05.23"]
[Round "9"]
[White "Eis, Harald"]
[Black "Moller, Carl Aage Vincent"]
[Result "1-0"]
[WhiteElo "1476"]
[BlackElo "1041"]
[PlyCount "115"]
[EventDate "2015.??.??"]

1. e4 e5 2. Nf3 d6 3. d4 exd4 4. Nxd4 Be6 5. Nxe6 fxe6 6. b3 e5 7. Bb2 Nd7 8.
Bb5 Ngf6 9. Nc3 a6 10. Bc4 Nc5 11. Bd3 Qd7 12. b4 Na4 13. Nxa4 Qxa4 14. c3
Qxd1+ 15. Rxd1 O-O-O 16. a4 Be7 17. h3 Nh5 18. Bc1 g6 19. Be2 Nf6 20. Bf3 Rhf8
21. Bg5 Kb8 22. O-O Ng8 23. Be3 h6 24. Be2 g5 25. c4 Nf6 26. f3 Nd7 27. Rc1 b6
28. Rb1 Kb7 29. Rfc1 Ra8 30. a5 Rfb8 31. Rf1 Rf8 32. h4 Rg8 33. hxg5 hxg5 34.
Kf2 g4 35. Rh1 gxf3 36. gxf3 c5 37. bxc5 dxc5 38. Rh7 Rae8 39. axb6 Rh8 40.
Rbh1 Rhf8 41. Bg5 Nf6 42. Bxf6 Rxf6 43. R1h5 Kxb6 44. Rxe5 a5 45. Rhxe7 Rxe7
46. Rxe7 a4 47. Rd7 a3 48. Rd1 Ka5 49. Rb1 Rb6 50. Bd3 a2 51. Ra1 Rb2+ 52. Ke3
Kb4 53. e5 Kc3 54. e6 Rh2 55. e7 Kb2 56. Rxa2+ Kxa2 57. e8=Q Rb2 58. Qa4# 1-0

[Event "Grenzturnering Basis 2015-16"]
[Site "Tonder"]
[Date "2016.05.23"]
[Round "9"]
[White "Sorensen, Helge"]
[Black "Kristensen, Karl Martin"]
[Result "1/2-1/2"]
[WhiteElo "1577"]
[BlackElo "1439"]
[PlyCount "40"]
[EventDate "2015.??.??"]

1. e4 e5 2. Nc3 Bc5 3. f4 Nc6 4. Nf3 d6 5. Bb5 Nge7 6. fxe5 O-O 7. d4 Bb4 8.
exd6 cxd6 9. O-O Qb6 10. Bc4 Bg4 11. Be3 Ne5 12. Be2 Bxf3 13. Bxf3 Rac8 14. Qe2
Nxf3+ 15. Rxf3 Bxc3 16. bxc3 Rxc3 17. d5 Qb2 18. Qd1 Rxc2 19. Rg3 Rc4 20. Rb1
Qxa2 1/2-1/2

[Event "Grenzturnering Basis 2015-16"]
[Site "Tonder"]
[Date "2016.05.23"]
[Round "9"]
[White "Svendsen, Gunnar Lind Hasse"]
[Black "Jensen, Jens Peter"]
[Result "1-0"]
[WhiteElo "1534"]
[BlackElo "1341"]
[PlyCount "95"]
[EventDate "2015.??.??"]

1. d4 d5 2. Bf4 a6 3. e3 e6 4. Nf3 Nc6 5. c4 Be7 6. Nc3 Nf6 7. a3 h6 8. Ne5
Nxe5 9. Bxe5 Bd6 10. Bxd6 Qxd6 11. c5 Qd8 12. Bd3 O-O 13. O-O Qe7 14. f4 Bd7
15. b4 Nh7 16. Qh5 c6 17. Rf3 Nf6 18. Qh4 Rfe8 19. g4 Nh7 20. Qg3 a5 21. b5
cxb5 22. Nxb5 Bxb5 23. Bxb5 Rec8 24. h4 Nf6 25. g5 Ne4 26. Qg4 hxg5 27. hxg5 f6
28. g6 f5 29. Qh5 Nf6 30. Qh4 Kf8 31. Rh3 Ng8 32. Qh8 Qf6 33. Rg3 Ke7 34. Qh5
Nh6 35. Qg5 Rh8 36. Be2 Ng8 37. Rb1 Ra7 38. Rb6 Rh4 39. Bf3 Qxg5 40. Rxg5 Nf6
41. Kg2 Ne4 42. Bxe4 dxe4 43. a4 Rg4+ 44. Rxg4 fxg4 45. Kg3 Kf6 46. Kxg4 Ra6
47. Rxb7 Kxg6 48. Rb6 1-0